Statistiques concernant Chapeaux et Couvre-chef en images

Cliquez ici pour prendre le quiz!

Statistiques générales

  • Ce quiz a été pris 11 fois
  • Le résultat moyen est 11 sur 25

Statistiques - réponses

Réponse% Correct
béret
100%
Casquette
100%
Chapeau melon
100%
Sombrero
100%
Haut de forme
91%
Bonnet
73%
Chapeau Panama
64%
Képi
64%
Kippa
64%
Ouchanka
64%
Turban
64%
Bombe
55%
Fez
36%
Mortier/toque
36%
Stetson / Chapeau de cowboy
36%
Tricorne
36%
Bob
18%
Coiffe Bigoudène
9%
Bachi
0%
Bearskin
0%
Chapeau cloche
0%
Deerstalker
0%
Kofia
0%
Némès
0%
Tam o'shanter
0%

Distribution des résultats

Percentile par nombre de réponses

% des personnes avec chaque résultat

Votre développement - résultats

Vous n’avez pas pris ce quiz